Statistics for Guess the Formula 1 driver by anagram

Click here to take the quiz!

General Stats

  • This quiz has been taken 166 times
  • The average score is 13 of 21

Answer Stats

HintAnswer% Correct
ashlie miltownLewis Hamilton
94%
pentax revampsMax Verstappen
86%
brattiest voltaValtteri Bottas
86%
corals nazisCarlos Sainz
76%
irons rolandLando Norris
76%
gripe zeroesSergio Perez
72%
attentive sablesSebastian Vettel
70%
carl hells recceCharles Leclerc
68%
donnan seafloorFernando Alonso
67%
kinkier monikaKimi Raikkonen
65%
acridine cordialDaniel Ricciardo
63%
gores regluesGeorge Russell
63%
chelsea chimu charmMichael Schumacher
61%
argyle spirePierre Gasly
61%
base connoteEsteban Ocon
58%
cornell saltLance Stroll
58%
niki tampa zineNikita Mazepin
56%
audion tuskyYuki Tsunoda
50%
fictional hailsNicholas Latifi
49%
gavin ionization ozAntonio Giovinazzi
46%
bartok brucieRobert Kubica
22%

Score Distribution

Percentile by Number Answered

Percent of People with Each Score

Your Score History

You have not taken this quiz